000 00540nam a2200193Ia 4500
008 131103s9999 xx 000 0 und d
040 _aLoreto College
041 _aEnglish
082 _aREF
_bLCBED/7167
245 4 _aThe sciences
_b understanding natural forces
_cEdited by J. A. Lauwerys
260 _aLondon
_bThe Grolier Society
_c1966
300 _a256p.
_b ill.
_c 25cm.
440 _aOur World in colour
504 _aIncludes index
650 _aScience
700 _aLauwerys,J. A.;ed.
850 _aLCBED/REF
942 _cBK
999 _c30942
_d81421